USA Geography quiz No 1 - Statistics

General Stats
  • This quiz has been taken 75 times
  • The average score is 7 of 15
Answer Stats
Answer % Correct
Yellowstone Park stretches across how many states? 3
91%
How many states begin with A? 4
89%
Death Valley is the lowest point in which state? California
88%
The Tongass National Forest is in which state? Alaska
56%
Woodlawn Cemetry is found in which borough of New York? Bronx
53%
Which states flag has a red cross on a white background? Alabama
50%
Which state is known as the Mountain state?/ West Virginia
50%
In God We Trust is the motto of which state? Florida
45%
The Pawtuckaway Mountains are in which state? New Hampshire
42%
Georgian bay is the northern most part of which lake? Huron
39%
Mount Shishaldin is an active volcano in which state? Arizona
34%
The Mississippi forms which border of Arkansas? Eastern
33%
Which state is known as the Nutmeg state? Connecticut
31%
Apple Blossom is the national flower of which state? Arkansas
27%
Which boxer was born in Lexington Alabama? Joe Louis
2%
No matching quizzes found
Score Distribution
Percent of People with Each Score
Percentile by Number Answered
Your Score History
You have not taken this quiz